MDQL
is popping MORE tags! Check the
thread
!
Quizzes
Events
Quiz Creation
Community
Videos
Private Events
Remove Ads
Sign In
Join for FREE
Feedback
Dark Mode
Quiz Categories
Sports
Geography
Music
Movies
Television
Just For Fun
Miscellaneous
History
Literature
Language
Science
Gaming
Entertainment
Religion
Holiday
For Kids
Quiz Lab
Recent
Popular Today
Quiz Kudos Today
Editor Picks
Curator Picks
Quizzes by...
Day
Popularity
Type
Ratings
Length
Year
Community
Subscriptions
Recent Discussions
Orange Saloon
Badges
Playlists
Quests
Create
Leaderboards
Showdown
Live 5
Trivia Bingo
Activity
Puzzle Library
Sporcle Events
Private Events
Virtual Trivia
Globe League
Become a Host
Pub Owners
SporcleCon
Opinionation
Our Games
Videos
Blog
Mobile Apps
Partnerships
Remove Ads and Go Orange
Feedback
History
US Presidents
World Leaders
Politics
Nation
Discovery
War
Decade
Year
Century
Biography
Art
History
US Presidents
World Leaders
Politics
Nation
Discovery
War
Decade
Year
Century
Biography
Art
Random Quiz
Search Sporcle
×
Quiz Lab
Quiz Lab
History
Africa
Type in answers that appear in a list
Type in answers that appear in a list
Classic
Best Score? Go Orange.
COUNTRIES AT WAR!! (as of 1/1/2011) Stats
Can you name the countries with armed combatants currently at war?
By
faraznaeem
5m
70 Questions
4,541 Plays
4,541 Plays
4,541 Plays
Comments
Comments
Give Quiz Kudos
Give Quiz Kudos
-
- Ratings
hide this ad
More Info
Replay
Link that replays current quiz
Next Quiz
Link to next quiz in quiz playlist
You Got
0%
They Got
Avg Score
54%
Avg Friend Score
Upgrade to see
Score Distribution
Jump to the score distribution portion of the page
Score
0/70
Timer
05:00
0
Plays Today
Country in Conflict
% Correct
United States (78,430)
96.1%
United States(80,000)
96.1%
United Kingdom (9,500)
91%
Iraq (1,300,000 including Iraqi Kurdistan)
86.9%
Russia
85.8%
France (4,000)
83.8%
France
83.6%
Germany (4,590)
79%
Iran (unknown)
79%
Iran (420,000)
79%
Afghanistan (140,000)
78.6%
Spain (1,555)
75.8%
Spain
75.8%
Canada (2,830)
75.8%
Pakistan (140,000)
75.3%
Pakistan (50,000)
75.3%
India (50,000)
75.2%
India (600,000)
75.2%
India (unknown)
75.2%
Mexico (70,000)
72.5%
Italy (3,400)
71.4%
Israel
71.1%
Turkey (1,740)
67.4%
Turkey (600,000)
67.4%
Australia (1,455)
67.1%
Sudan
62.4%
Poland (2,630)
60.5%
Portugal (250)
59.9%
Norway(500)
58.2%
Sweden (530)
58%
Somalia (around 20,000)
57.7%
New Zealand (205)
53%
Denmark (730)
52.7%
Yemen (70,000)
52.4%
Yemen
52.4%
Country in Conflict
% Correct
Yemen
52.4%
Saudi Arabia (200,000)
52.3%
Colombia (400,000)
49.2%
Belgium (575)
48.8%
Democratic Republic of the Congo
48%
Nigeria
46.8%
Indonesia (18,000)
45.4%
Georgia (925)
43.1%
Ethiopia
41.5%
Thailand
40.5%
Thailand
40.5%
Chad (~23,000)
39.7%
Algeria
39.3%
Hungary (360)
38%
Romania (1,750)
37.9%
Morocco
37.7%
Uganda
37.1%
Myanmar (500,000)
37.1%
Czech Republic (500)
35.3%
Slovakia (300)
34.5%
Mali
34.4%
Bulgaria (540)
33.6%
Philippines
33%
Cambodia
32.6%
Estonia (160)
32.3%
Latvia (170)
32.1%
Lithuania (245)
31.3%
Central African Republic
30.9%
Croatia (295)
29.8%
Laos
29.4%
Albania (295)
24.4%
Mauritania
22%
Ivory Coast
22%
Senegal
17.2%
Macedonia (240)
16.6%
Quiz Playlist
Details
Report
Send in Message
Add To Playlist
More Info:
These are countries who have active military personnel in conflict.
Classic:
Type in answers that appear in a list
Quiz Source
Last Updated: Feb 16, 2017
Quiz Scoreboard
CHALLENGE
Sign Up to Join the Scoreboard
Show All
Scores
Hide
Comments
May contain spoilers
Recently Published
1-10 Letter E Words III
by El_Dandy
Language
2m
Street Fighter Characters
by Artimus82
Gaming
60s
College Basketball Coaching Resumes
by pancakes188
Sports
9m
More to Explore
Quiz From the Vault
Featured Blog Post
Where Did the Easter Bunny Come From?
hide this ad
You Might Also Like...
Tags
Africa Quiz
War Quiz
World Quiz
Afghanistan
America
conflict
Indian
Iraq
Terrorism
Today's Top Quizzes in History
Browse History
hide this ad
Today's Top Quizzes in Africa
Browse Africa
Top Contributed Quizzes in History
1
Popular People in 1991
2
Popular People in 1981
3
Popular People in 1951
4
Popular People in 1941
5
Popular People in 1986
6
Popular People in 1976
7
Popular People in 1921
8
5-to-1: 20th Century Images of War
9
I Am Born On March 28th
10
Popular People in 1946
Explore More
Trending Topics
Marvel
Harry Potter
Crossword
Disney
NBA
Anime
Kpop
Song
The Office
WWE
Country
NFL
Pokémon
Soccer
Puzzle
hide this ad
More By:
faraznaeem
Quiz
Plays
Rating
Category
Featured
Created
US Military Interventions Since WWII
124,018
4.35
History
Jan 20, 2011
European Countries with Most Muslims
7,950
4.23
Geography
Dec 24, 2009
COUNTRIES AT WAR!! (as of 1/1/2011)
4,541
3.90
History
Jan 9, 2011
Countries with the most Pakistanis
2,956
4.42
Geography
Nov 14, 2010
Most Mentioned Persons in the Quran
2,360
4.00
Religion
Oct 13, 2009
Go to Creator's Profile
Score Distribution
Quiz Creator Spotlight
faraznaeem
Follow
Send a Message
Quizzes Created
-
Created Quiz Play Count
-
More By This Creator
Popular Quizzes Today
1
Find the US States - No Outlines Minefield
2
Find the Countries of Europe - No Outlines Minefield
3
The Countries of the World
4
Find the US States
5
Risky Map Clicking: Biggest States A-Z
6
US States
7
Popular People in 1961
8
Movies - When Are They Set?
More History Quizzes
Halloween Historical Events
Published
Trending Quizzes
Risky Map Clicking: Least Populous States A-Z
Billboard Blitz: Aretha Franklin
1-10 Letter G Words
Countries of the World: 200 Million BC
1-10 Letter F Words
Recently Updated
Leaping Animals
pecheneg
Reality TV Shows (A-Z)
bhenderson79
Rickey Henderson's Hall of Fame Teammates
pecheneg
Champions League XIs: Arsenal
pecheneg
Quick Pick: Celebrities in WWE's Hall of Fame
aduchscher
A-Z Keypad Blitz II
pecheneg
Multiple Oscar Actors
pecheneg
Mystery Phrase Blitz: Oscar 'Best Actors'
pecheneg
F. Scott Fitzgerald Novels
LTH
Pick 3 Villains
ddd62291
Trending Topics
Marvel
Kpop
Harry Potter
Crossword
Disney
NBA
Anime
WWE
Country
NFL
Song
The Office
Puzzle
Soccer
Pokémon
Your Account Isn't Verified!
In order to create a playlist on Sporcle, you need to verify the email address you used during registration. Go to your
Sporcle Settings
to finish the process.
Report this User
Report this user for behavior that violates our
Community Guidelines
.
Details:
Send Report
Go to the Sporcle.com Mobile Site →
Comments